MARC

LEADER 00000nas a2200000 a 4500
001 ssj0002216
003 WaSeSS
005 20200512172242.0
006 m d
007 cr n
008 010626c19979999aluqr pss 0 a0eng c
010 |a  2008202698 
022 |a 1945-4511  |l 1090-0500  |y 1090-0500 
035 |a (WaSeSS)ssj0002216 
037 |b Lori McCool and Associates, 11460 Bent Pine Drive, Moundville, AL 35474 
040 |a FQM  |b eng  |c FQM  |d OCLCQ  |d TBS  |d NSD  |d DLC  |d OCLCQ  |d OCLCF  |d OCLCO  |d OCLCQ  |d OCLCO  |d CUS  |d OCLCQ  |d U3W  |d OCLCO  |d OCLCA  |d CRU  |d MOW  |d OCLCO  |d AU@  |d OCLCO  |d WYU  |d OCLCO  |d OCLCA  |d VT2  |d OCLCO  |d OCLCA  |d WaSeSS 
042 |a pcc  |a nsdp 
050 1 4 |a RA1  |b .A512 
060 4 |a INTERNET 
082 1 0 |a 610  |2 14 
130 0 |a American journal of health studies (Online) 
210 0 |a Am. j. health stud.  |b (Online) 
222 0 |a American journal of health studies  |b (Online) 
245 1 0 |a American journal of health studies  |h [electronic resource]. 
260 |a Moundville, AL :  |b Lori McCool and Associates 
310 |a Quarterly 
362 1 |a Began with v. 12.1, published in print in 1997. 
506 |a License restrictions may limit access. 
538 |a Mode of access: World Wide Web. 
588 |a Description based on: Vol. 12.1, published in print in 1997; title from home page (viewed 16 Sept. 2008). 
588 |a Latest issue consulted: Vol. 22.1 (2007) (viewed 16 Sept. 2008). 
650 0 |a Health  |v Periodicals. 
650 0 |a Health education  |v Periodicals. 
650 0 |a Health promotion  |v Periodicals. 
650 0 |a Medicine, Preventive  |v Periodicals. 
650 7 |a Health.  |2 fast  |0 (OCoLC)fst00952743 
650 7 |a Health education.  |2 fast  |0 (OCoLC)fst00952878 
650 7 |a Health promotion.  |2 fast  |0 (OCoLC)fst00953194 
650 7 |a Medicine, Preventive.  |2 fast  |0 (OCoLC)fst01015324 
650 1 2 |a Health Promotion. 
650 1 2 |a Health Education. 
650 2 2 |a Preventive Medicine. 
655 0 |a Electronic journals. 
776 0 8 |i Print version, -2007:  |t American journal of health studies  |x 1090-0500  |w (DLC)sn 96002148  |w (OCoLC)35193277 
856 4 0 |z Full text available from Research Library: 01/01/1997 to 10/31/2007  |u https://search.proquest.com/publication/30166